000
00333nam a2200133Ia 4500
008
240624s9999 xx 000 0 und d
041
_a
eng
082
_a
005.133 HAL
100
_a
HALVORSON MICHAEL
245
_a
LEARN MICROSOFT VISUAL BASIC 6 0 NOW
260
_c
2001
_a
New Delhi
_b
Prentice-Hall
300
_a
xxvi, : 535
365
_c
RS
999
_c
299
_d
299